000 00249nam a2200097Ia 4500
001 1250979
005 20251031150907.0
008 251031s9999 xx 000 0 und d
245 0 _cGÜLİZİ ÖZEN
_aİ-5 FANTASTİK MODA
260 _bTİMAŞ YAYINLARI
999 _c1250979
_d1250979